Nalaganje...
Mark's basic medical biochemistry A clinical approach /
| Glavni avtor: | |
|---|---|
| Jezik: | Undetermined |
| Izdano: |
Philadelphia :
Wolters Kluwer ,
2013.
|
| Izdaja: | 4th ed. |
| LEADER | 00567nam a2200169Ia 4500 | ||
|---|---|---|---|
| 001 | 188678 | ||
| 008 | 170722s9999 xx 000 0 und d | ||
| 020 | |a 9781451100037 | ||
| 100 | |a Lieberman, Michaeletc | ||
| 245 | |a Mark's basic medical biochemistry |b A clinical approach / | ||
| 250 | |a 4th ed. | ||
| 260 | |a Philadelphia : |b Wolters Kluwer , |c 2013. | ||
| 300 | |a ix+1014 | ||
| 923 | |d 20141230 |n MBC-1661/1 | ||
| 942 | |c GEN | ||
| 999 | |c 154100 |d 154100 | ||
| 952 | |0 0 |1 0 |4 0 |6 L_E9G_Q3 |7 0 |9 216710 |a LIB |b LIB |d 2015-02-13 |e Modern Book Centre |o L:(E9G) Q3 |p 298624 |r 2017-08-12 |w 2017-08-12 |y GEN | ||